Vegetable Producing Countries Quiz Stats

 Plays Quiz Updated Sep 21, 2018

Score 0/125 Timer 05:00
0 Plays Today
Vegetable Country % Correct
AsparagusUnited States
99%
CarrotsUnited States
99%
LentilsUnited States
99%
LettuceUnited States
99%
MaizeUnited States
99%
MushroomsUnited States
99%
Green PeasUnited States
99%
PotatoesUnited States
99%
Pumpkins & SquashUnited States
99%
SoybeansUnited States
99%
SpinachUnited States
99%
Sugar BeetsUnited States
99%
TomatoesUnited States
99%
ArtichokesChina
97%
AsparagusChina
97%
CarrotsChina
97%
Green BeansChina
97%
CabbagesChina
97%
CauliflowerChina
97%
EggplantsChina
97%
LettuceChina
97%
MaizeChina
97%
MushroomsChina
97%
PotatoesChina
97%
Green PeasChina
97%
Pumpkins & SquashChina
97%
SoybeansChina
97%
SpinachChina
97%
Sweet PotatoesChina
97%
TaroChina
97%
TomatoesChina
97%
Scallions & ShallotsChina
97%
AsparagusMexico
94.5%
ChickpeasMexico
94.4%
MaizeMexico
94.4%
Scallions & ShallotsMexico
94.4%
CassavaBrazil
93.7%
MaizeBrazil
93.7%
SoybeansBrazil
93.7%
CauliflowerFrance
93.3%
MushroomsFrance
93.3%
Green PeasFrance
93.3%
Vegetable Country % Correct
Sugar BeetsFrance
93.3%
CabbagesRussia
92.2%
CarrotsRussia
92.2%
PotatoesRussia
92.2%
Sugar BeetsRussia
92.2%
LentilsCanada
91.3%
AsparagusGermany
90%
Sugar BeetsGermany
90%
CabbagesIndia
89.6%
CauliflowerIndia
89.6%
ArtichokesSpain
89.5%
Green BeansIndia
89.6%
ChickpeasIndia
89.6%
EggplantsIndia
89.6%
LentilsIndia
89.6%
LettuceIndia
89.6%
OkraIndia
89.6%
Green PeasIndia
89.6%
PotatoesIndia
89.6%
Pumpkins & SquashIndia
89.6%
SoybeansIndia
89.6%
TomatoesIndia
89.6%
Green BeansSpain
89.5%
CauliflowerSpain
89.5%
LettuceSpain
89.5%
MushroomsSpain
89.5%
Green PeasUnited Kingdom
88.7%
CabbagesJapan
88.4%
EggplantsJapan
88.4%
SpinachJapan
88.4%
Scallions & ShallotsJapan
88.4%
ArtichokesItaly
88.3%
CauliflowerItaly
88.3%
LettuceItaly
88.3%
TomatoesItaly
88.3%
ArtichokesArgentina
86.9%
MaizeArgentina
86.9%
SoybeansArgentina
86.9%
LentilsAustralia
83%
ArtichokesEgypt
72.9%
EggplantsEgypt
72.9%
Pumpkins & SquashEgypt
72.9%
Vegetable Country % Correct
Green BeansTurkey
70.6%
ChickpeasTurkey
70.6%
EggplantsTurkey
70.6%
LentilsTurkey
70.6%
SpinachTurkey
70.6%
TomatoesTurkey
70.6%
ChickpeasIran
70.5%
CarrotsPoland
68%
AsparagusPeru
67.6%
ChickpeasPakistan
67%
OkraPakistan
67%
Green BeansIndonesia
67%
CassavaIndonesia
67%
Sweet PotatoesIndonesia
67%
CabbagesSouth Korea
63.2%
SpinachSouth Korea
63.2%
Scallions & ShallotsSouth Korea
63.2%
Scallions & ShallotsNew Zealand
62.8%
Sweet PotatoesVietnam
61.9%
CassavaThailand
60.4%
CarrotsUkraine
58.7%
PotatoesUkraine
58.7%
Pumpkins & SquashUkraine
58.7%
Sugar BeetsUkraine
58.7%
CassavaNigeria
54%
OkraNigeria
54%
Sweet PotatoesNigeria
54%
TaroNigeria
54%
YamsNigeria
54%
MushroomsNetherlands
41.9%
OkraGhana
35.7%
TaroGhana
35.7%
YamsGhana
35.7%
CassavaDem. Rep. of Congo
34.4%
TaroCôte d'Ivoire
26%
YamsCôte d'Ivoire
26%
TaroCameroon
24.3%
Sweet PotatoesUganda
22.3%
YamsTogo
20.5%
OkraBenin
18.7%
YamsBenin
18.7%

You're not logged in!

Compare scores with friends on all Sporcle quizzes.
OR
Log In

Sporcle TV

Today on Sporcle TV


Watch our educational content, quiz creation guides, and fun videos on Sporcle TV.

Show Comments

Extras

Top Quizzes Today


Score Distribution

Your Account Isn't Verified!

In order to create a playlist on Sporcle, you need to verify the email address you used during registration. Go to your Sporcle Settings to finish the process.

Report this User

Report this user for behavior that violates our Community Guidelines.

Details: